| 000 | 00689pam a2200229 a 4500 | ||
|---|---|---|---|
| 001 | 2085558 | ||
| 005 | 20180301073101.0 | ||
| 008 | 950523s1996 nyu 000 0 eng | ||
| 010 | _a 95000449 | ||
| 020 | _a0834803348 (hard) | ||
| 040 |
_aDLC _cDLC _dDLC |
||
| 041 | 1 | _aeng | |
| 080 | _a294.3928 IKE | ||
| 082 | 0 | 0 |
_a294.3928 IKE _220 |
| 100 | 1 | _a23 | |
| 101 | _aFIL | ||
| 240 | 1 | 0 |
_aSpeeches. _kSelections. _lEnglish |
| 245 | 1 | 2 | _aA new humanism : |
| 906 |
_a7 _bcbc _corignew _d1 _eocip _f19 _gy-gencatlg |
||
| 942 |
_2ddc _cBK |
||
| 999 |
_c43837 _d43837 |
||